| 000 | 00975cab a2200205 4500 | ||
|---|---|---|---|
| 001 | ##L133956 | ||
| 008 | 060623n2006 000 0 eng u | ||
| 035 | _a(Sirsi) u133956 | ||
| 041 | 0 | _aeng | |
| 100 | 1 | _aBishop, Phil | |
| 245 | 0 | 4 | _aThe firmest deadline of all |
| 260 | _c2006 | ||
| 490 | 0 |
_aContract Journal _v434(6580) 21 June 2006, 10-12(2) |
|
| 520 | _aLooks at the range of issues confronting the Olympic Delivery Authority in ensuring that the venues for the 2012 Olympics are ready on time. These include setting up an industrial relations policy at the beginning of the project, and deciding what type of contract to employ. The contract must be flexible enough to secure commitment from the principal supply chain members, and also take account of the state of design. | ||
| 590 | _aIKA040706 | ||
| 650 | 2 | 4 | _aOLYMPIC GAMES 2012 |
| 651 | 4 | _aLONDON | |
| 690 | _aBUILT ENVIRONMENT-CONSTRUCTION MANAGEMENT-CONSTRUCTION DESIGN AND MANAGEMENT | ||
| 942 | _n0 | ||
| 999 |
_c77284 _d77284 |
||